Riconosci tutti gli Stati dai confini - Statistics

Statistiche generali
  • Questo quiz è stato fatto 120 volte
  • Il punteggio medio è 46 su 157
Statistiche sulle risposte
Nazioni confinanti (lunghezza confine) Nazione % Corretto
Francia: 56,6 km Spagna: 63,7 km Andorra
100%
Azerbaigian: 284 km Bielorussia: 959 km Cina: 3645 km Corea del Nord: 19 km Estonia: 294 km Finlandia: 1340 km Georgia: 723 km Kazakistan: 6846 km Lettonia: 217 km Lituania: 227 km Mongolia: 3485 km Norvegia: 196 km Polonia: 206 km Ucraina: 1576 km Russia
93%
Cina: 1,416 km
Corea del Sud: 238 km
Russia: 19 km
Corea del Nord
90%
Afghanistan: 2430 km
Cina: 523 km
India: 2912 km
Iran: 909 km
Pakistan
90%
Bielorussia: 891 km
Moldavia: 939 km
Polonia: 526 km
Romania: 531 km
Russia: 1576 km
Slovacchia: 97 km
Ungheria: 103 km
Ucraina
89%
Israele: 79 km Siria: 375 km Libano
88%
Albania: 151 km
Bulgaria: 148 km
Grecia: 246 km
Kosovo: 159 km
Serbia: 62 km
Macedonia del Nord
83%
Azerbaigian: 787 km
Georgia: 164 km
Iran: 35 km
Turchia: 268 km
Armenia
79%
Irlanda: 360 km Regno Unito
79%
Libia: 982 km Mali: 1376 km Mauritania: 463 km Marocco: 1559 km Niger: 956 km Tunisia: 965 km Sahara Occidentale: 42 km Algeria
77%
Brasile: 1643 km Ecuador: 590 km Panama: 225 km Perù: 1496 km Venezuela: 2050 km Colombia
76%
Giordania: 375 km
Iraq: 605 km
Israele: 76 km
Libano: 375 km
Turchia: 822 km
Siria
74%
Nicaragua: 309 km Panama: 330 km Costa Rica
73%
Argentina: 1224 km
Bolivia: 3400 km
Colombia: 1643 km
Guyana Francese: 673 km
Guyana: 1119 km
Paraguay: 1290 km
Perù: 1560 km
Suriname: 597 km
Uruguay: 985 km
Venezuela: 2200 km
Brasile
70%
Corea del Nord: 238 km Corea del Sud
67%
Botswana: 813 km
Mozambico: 1231 km
Sudafrica: 225 km
Zambia: 797 km
Zimbabwe
67%
Germania: 68 km Canada: 400m Danimarca
66%
Belize: 266 km El Salvador: 203 km Honduras: 256 km Messico: 962 km Guatemala
66%
Etiopia: 912 km
Gibuti: 109 km
Sudan: 605 km
Eritrea
65%
Eritrea: 109 km Etiopia: 349 km Somalia: 58 km Gibuti
65%
Repubblica Centrafricana: 682 km Repubblica Democratica del Congo: 628 km Kenya: 232 km Uganda: 435 km Etiopia: 883 km Sudan: 1937 km Sudan del Sud
61%
Austria: 362 km Germania: 646 km Polonia: 658 km Slovacchia: 215 km Repubblica Ceca
60%
Finlandia: 614 km Norvegia: 1619 km Svezia
59%
Repubblica Democratica del Congo: 2511 km Repubblica del Congo: 201 km Namibia: 1376 km Zambia: 1110 km Angola
58%
Bielorussia: 502 km
Lettonia: 453 km
Polonia: 91 km
Russia: 227 km
Lituania
54%
Camerun: 298 km Repubblica del Congo: 1903 km Guinea Equatoriale: 350 km Gabon
50%
Grecia: 282 km Macedonia del Nord: 151 km Montenegro: 172 km Kosovo: 112 km Albania
46%
Francia: 4,4 km Monaco
46%
Argentina: 1880 km
Bolivia: 750 km
Brasile: 1290 km
Paraguay
46%
Brasile: 2200 km Colombia: 2 050 km Guyana: 743 km Venezuela
45%
Repubblica Centrafricana: 797 km Ciad: 1094 km Repubblica del Congo: 523 km Guinea Equatoriale: 189 km Gabon: 298 km Nigeria: 1690 km Camerun
43%
Austria: 430 km Città del Vaticano: 3,2 km Francia: 488 km San Marino: 39 km Slovenia: 232 km Svizzera: 740 km Italia
42%
Mozambico: 1569 km
Tanzania: 475 km
Zambia: 837 km
Malawi
42%
Brasile: 597 km
Guyana francese: 510 km
Guyana: 600 km
Suriname
42%
Austria: 784 km Belgio: 167 km Repubblica Ceca: 646 km Danimarca: 68 km Francia: 451 km Lussemburgo: 138 km Paesi Bassi: 577 km Polonia: 456 km Svizzera: 334 km Germania
41%
Afghanistan 92;km Bangladesh: 4053 km Bhutan: 605 km Birmania: 1463 km Cina: 3380 km Nepal: 1690 km Pakistan : 2912 km India
41%
Afghanistan: 744 km
Iran: 992 km
Kazakistan: 379 km
Uzbekistan: 1621 km
Turkmenistan
41%
Emirati Arabi Uniti: 457 km Giordania: 744 km Iraq: 814 km Kuwait: 222 km Oman: 676 km Qatar: 60 km Yemen: 1458 km Arabia Saudita
39%
Stati Uniti d'America: 8893 kmDanimarca: 0,4 km Canada
38%
Italia: 3,2 km Città del Vaticano
38%
Cambogia: 1228 km
Cina: 1,281 km
Laos: 2130 km
Vietnam
38%
Lettonia: 141 km Lituania: 502 km Polonia: 407 km Russia: 959 km Ucraina: 891 km Bielorussia
37%
Arabia Saudita: 457 km Oman: 410 km Emirati Arabi Uniti
37%
Arabia Saudita: 60 km Qatar
36%
Argentina: 579 km Brasile: 985 km Uruguay
36%
Senegal: 740 km Gambia
35%
Argentina: 832 km Brasile: 3400 km Cile: 861 km Paraguay: 750 km Perù: 900 km Bolivia
34%
Sudafrica: 909 km Lesotho
34%
Gambia: 740 km Guinea: 330 km Guinea-Bissau: 338 km Mali: 419 km Mauritania: 813 km Senegal
34%
Burkina Faso: 584 km
Ghana: 668 km
Guinea: 610 km
Liberia: 716 km
Mali: 532 km
Costa d'Avorio
33%
Guatemala: 256 km El Salvador: 342 km Nicaragua: 922 km Honduras
33%
Romania: 450 km Ucraina: 939 km Moldavia
33%
Andorra: 56,6 km Belgio: 620 km Germania: 451 km Italia: 488 km Lussemburgo: 73 km Monaco: 4,4 km Spagna: 623 km Svizzera: 573 km Francia (solo continentale)
32%
Arabia Saudita: 814 km Giordania: 181 km Iran: 1458 km Kuwait: 240 km Siria: 605 km Turchia: 352 km Iraq
32%
Colombia: 225 km Costa Rica: 330 km Panama
32%
Andorra: 63,7 km
Francia: 623 km
Gibilterra: 1,2 km
Portogallo: 1214 km
Marocco: 17 km
Spagna
32%
Palestina: 358 km
Egitto: 266 km
Giordania: 238 km
Libano: 79 km
Siria: 76 km
Israele
30%
Algeria: 1559 km
Sahara Occidentale: 443 km
Spagna: 17 km
Marocco
30%
Finlandia: 736 km
Svezia: 1,619 km
Russia: 196 km
Norvegia
30%
Austria: 164 km
Francia: 573 km
Italia: 740 km
Liechtenstein: 41 km
Germania: 334 km
Svizzera
30%
Austria: 366 km
Croazia: 329 km
Romania: 443 km
Serbia: 151 km
Slovacchia: 677 km
Slovenia: 102 km
Ucraina: 103 km
Ungheria
30%
Bolivia: 832 km Brasile: 1224 km Cile: 5308 km Paraguay: 1880 km Uruguay: 579 km Argentina
29%
Brasile: 1643 km Ecuador: 590 km Panama: 225 km Perù: 1496 km Venezuela: 2050 km Colombia
29%
Repubblica Centrafricana: 483 km
Ciad: 1360 km
Egitto: 1273 km
Eritrea: 605 km
Etiopia: 723 km
Libia: 383 km
Sudan del Sud: 1937 km
Sudan
29%
Guinea: 563 km
Costa d'Avorio: 716 km
Sierra Leone: 306 km
Liberia
28%
Namibia: 1360 km Sudafrica: 1840 km Zambia: 2 km Zimbabwe: 813 km Botswana
27%
Benin: 306 km Costa d'Avorio: 584 km Ghana: 549 km Mali: 1000 km Niger: 628 km Togo: 126 km Burkina Faso
27%
Malawi: 1569 km
Sudafrica: 491 km
Swaziland: 105 km
Tanzania: 756 km
Zambia: 419 km
Zimbabwe: 1231 km
Mozambico
27%
Etiopia: 1600 km
Gibuti: 58 km
Kenya: 682 km
Somalia
27%
Afghanistan: 1206 km Cina: 414 km Kirghizistan: 870 km Uzbekistan: 1161 km Tagikistan
27%
Camerun: 189 km Gabon: 350 km Guinea Equatoriale
25%
Brasile: 1119 km
Suriname: 600 km
Venezuela: 743 km
Guyana
25%
Austria: 34,9 km Svizzera: 41,1 km Liechtenstein
25%
Cina: 1236 km India: 1690 km Nepal
25%
Costa Rica: 309 km Honduras: 922 km Nicaragua
25%
Guinea: 652 km Liberia: 306 km Sierra Leone
25%
Angola: 1110 km
Botswana: 2 km
Repubblica Democratica del Congo: 1930 km
Malawi: 837 km
Mozambico: 419 km
Namibia: 233 km
Tanzania: 338 km
Zimbabwe: 797 km
Zambia
25%
Eritrea: 912 km
Gibuti: 349 km
Kenya: 861 km
Somalia: 1600 km
Sudan: 723 km
Sudan del Sud: 883 km
Etiopia
24%
Birmania: 193 km India: 4053 km Bangladesh
23%
Albania: 282 km Bulgaria: 494 km Macedonia del Nord: 246 km Turchia: 206 km Grecia
23%
Benin: 773 km
Camerun: 1690 km
Ciad: 87 km
Niger: 1497 km
Nigeria
23%
Croazia: 932 km Montenegro: 225 km Serbia: 302 km Bosnia ed Erzegovina
22%
Malaysia: 381 km Brunei
22%
Mozambico: 105 km Sudafrica: 430 km eSwatini
22%
Argentina: 5150 km Bolivia: 861 km Perù: 160 km Cile
21%
Guatemala: 203 km Honduras: 342 km El Salvador
21%
Austria: 330 km
Croazia: 670 km
Italia: 232 km
Ungheria: 102 km
Slovenia
21%
Arabia Saudita: 744 km Palestina: 97 km Iraq: 181 km Israele: 238 km Siria: 375 km Giordania
20%
Regno Unito: 360 km Irlanda
20%
Belize: 250 km
Guatemala: 962 km
Stati Uniti d'America: 3141 km
Messico
20%
Belgio: 450 km Germania: 577 km Paesi Bassi
20%
Bolivia: 900 km
Brasile: 1560 km
Cile: 160 km
Colombia: 1496 km
Ecuador: 1420 km
Perù
20%
Burundi: 451 km
Repubblica Democratica del Congo: 459 km
Kenya: 769 km
Malawi: 475 km
Mozambico: 756 km
Ruanda: 217 km
Uganda: 396 km
Zambia: 338 km
Tanzania
20%
Haiti: 360 km Repubblica Dominicana
18%
Arabia Saudita: 1458 km Oman: 288 km Yemen
18%
Bangladesh: 193 km Cina: 2185 km India: 1463 km Laos: 235 km Thailandia: 1800 km Birmania
17%
Laos: 541 km Thailandia: 803 km Vietnam: 1228 km Cambogia
17%
Lettonia: 339 km Russia: 294 km Estonia
17%
Armenia: 164 km
Azerbaigian: 322 km
Russia: 723 km
Turchia: 252 km
Georgia
17%
Cina: 858 km
Kazakistan: 1051 km
Tagikistan: 870 km
Uzbekistan: 1099 km
Kirghizistan
17%
Arabia Saudita: 222 km Iraq: 240 km Kuwait
17%
Brunei: 481,3 km
Indonesia: 2019,5 km
Thailandia: 646,5 km
Malaysia
17%
Arabia Saudita: 676 km
Emirati Arabi Uniti: 410 km
Yemen: 288 km
Oman
17%
Bosnia ed Erzegovina: 302 km Bulgaria: 318 km Croazia: 241 km Ungheria: 241 km Kosovo: 352 km Macedonia del Nord: 62 km Montenegro: 124 km Romania: 476 km Serbia
17%
Indonesia: 228 km Timor Est
17%
Benin: 644 km Burkina Faso: 126 km Ghana: 877 km Togo
17%
Armenia : 787 km
Georgia: 322 km
Iran : 432 km
Russia: 284 km
Turchia: 9 km
Azerbaigian
16%
Palestina: 11 km
Israele: 266 km
Libia: 1115 km
Sudan: 1273 km
Egitto
16%
Algeria: 1376 km
Burkina Faso: 1000 km
Guinea: 858 km
Costa d'Avorio: 532 km
Mauritania: 2237 km
Niger: 821 km
Senegal: 419 km
Mali
16%
Afghanistan: 936 km
Armenia: 35 km
Azerbaigian: 611 km
Iraq: 1458 km
Pakistan: 909 km
Turchia: 499 km
Turkmenistan: 992 km
Iran
15%
Angola: 201 km
Camerun: 523 km
Repubblica Centrafricana: 467 km
Repubblica Democratica del Congo: 2410 km
Gabon: 1903 km
Repubblica del Congo
15%
Cina: 1533 km Kirghizistan: 1051 km Russia: 6846 km Turkmenistan: 379 km Uzbekistan: 2203 km Kazakistan
14%
Indonesia: 820 km Papua Nuova Guinea
14%
Italia: 39 km San Marino
14%
Repubblica Democratica del Congo: 233 km Ruanda: 290 km Tanzania: 451 km Burundi
13%
Bielorussia: 141 km Estonia: 339 km Lituania: 453 km Russia: 217 km Lettonia
13%
Burundi: 290 km Repubblica Democratica del Congo: 217 km Tanzania: 217 km Uganda: 169 km Ruanda
13%
Algeria: 965 km Libia: 459 km Tunisia
13%
Afghanistan: 76 km Bhutan: 470 km Birmania: 2185 km Corea del Nord: 1416 km India: 3380 km Kazakistan: 1533 km Kirghizistan: 858 km Laos: 423 km Mongolia: 4677 km Nepal: 1236 km Pakistan: 523 km Russia: 3645 km Tagikistan: 414 km Vietnam: 1281 km Cina
12%
Repubblica Dominicana: 360 km Haiti
12%
Spagna: 1214 km Portogallo
12%
Cina: 4677 km Russia: 3543 km Mongolia
11%
Albania: 172 km
Bosnia ed Erzegovina: 225 km
Croazia: 25 km
Kosovo: 79 km
Serbia: 124 km
Montenegro
11%
Angola: 2511 km
Burundi: 233 km
Repubblica Centrafricana: 1577 km
Repubblica del Congo: 2410 km
Ruanda: 217 km
Sudan del Sud: 628 km
Tanzania: 459 km
Uganda: 765 km
Zambia: 1,930 km
Repubblica Democratica del Congo
10%
Repubblica Ceca: 362 km Germania: 784 km Italia: 430 km Liechtenstein: 35 km Slovacchia: 91 km Slovenia: 330 km Svizzera: 164 km Ungheria: 366 km Austria
9%
Francia: 620 km Germania: 167 km Lussemburgo: 148 km Paesi Bassi: 450 km Belgio
9%
Grecia: 494 km Macedonia del Nord: 148 km Romania: 608 km Serbia: 318 km Turchia: 240 km Bulgaria
9%
Etiopia: 861 km
Somalia: 682 km
Sudan del Sud: 232 km
Tanzania: 769 km
Uganda: 933 km
Kenya
9%
Bulgaria: 608 km
Moldavia: 450 km
Serbia: 476 km
Ucraina: 531 km Ungheria: 443 km
Romania
9%
Camerun: 1094 km Repubblica Centrafricana: 1197 km Libia: 1055 km Niger: 1175 km Nigeria: 87 km Sudan: 1360 km Ciad
8%
Bosnia ed Erzegovina: 932 km Montenegro: 25 km Serbia: 241 km Slovenia: 670 km Ungheria: 329 km Croazia
8%
Colombia: 590 km Perù: 1420 km Ecuador
8%
Burkina Faso: 549 km Costa d'Avorio: 668 km Togo: 877 km Ghana
8%
Costa d'Avorio: 610 km Guinea-Bissau: 386 km Liberia: 563 km Mali: 858 km Senegal: 330 km Sierra Leone: 652 km Guinea
8%
Algeria: 982 km
Ciad: 1,055 km
Egitto: 1115 km
Niger: 354 km
Sudan: 383 km
Tunisia: 459 km
Libia
8%
Austria: 91 km
Repubblica Ceca: 215 km
Polonia: 444 km
Ucraina: 97 km
Ungheria: 677 km
Slovacchia
8%
Birmania: 1800 km
Cambogia: 803 km
Laos: 1754 km
Malaysia: 506
Thailandia
8%
Cina: 76 km Iran: 936 km Pakistan: 2430 km Tagikistan: 1206 km Turkmenistan: 744 km Uzbekistan: 137 km Afghanistan
7%
Burkina Faso: 306 km Niger: 266 km Nigeria: 773 km Togo: 644 km Benin
7%
Norvegia: 736 km Svezia: 614 km Russia: 1340 km Finlandia
7%
Birmania: 235 km Cambogia: 541 km Cina: 423 km Thailandia: 1754 km Vietnam: 2130 km Laos
7%
Camerun: 797 km Ciad: 1197 km Repubblica Democratica del Congo: 1577 km Repubblica del Congo: 467 km Sudan: 483 km Sudan del Sud: 692 km Repubblica Centrafricana
7%
Cina: 470 km India: 605 km Bhutan
5%
Angola: 1376 km
Botswana: 1360 km
Sudafrica: 967 km
Zambia: 233 km
Namibia
5%
Guatemala: 266 km Messico: 250 km Belize
4%
Guinea: 386 km Senegal: 338 km Guinea-Bissau
4%
Malaysia: 1782 km Papua Nuova Guinea: 820 km Timor Est: 228 km Indonesia
4%
Belgio: 148 km
Francia: 73 km
Germania: 138 km
Lussemburgo
4%
Canada: 8,893 km Messico: 3141 km Stati Uniti d'America
4%
Armenia: 268 km Azerbaigian: 9 km Bulgaria: 240 km Georgia: 252 km Grecia: 206 km Iran: 499 km Iraq: 352 km Siria: 822 km Turchia
4%
Afghanistan: 137 km Kazakistan: 2203 km Kirghizistan: 1099 km Tagikistan: 1161 km Turkmenistan: 1621 km Uzbekistan
4%
Regno Unito: 152 km Cipro
3%
Bielorussia: 418 km
Repubblica Ceca: 796 km
Germania: 467 km
Lituania: 104 km
Russia: 210 km
Slovacchia: 541 km
Ucraina: 535 km
Polonia
3%
Repubblica Democratica del Congo: 765 km
Kenya: 933 km
Ruanda: 169 km
Sudan del Sud: 435 km
Tanzania: 396 km
Uganda
3%
Algeria: 463 km
Mali: 2237 km
Sahara Occidentale: 1561 km
Senegal: 813 km
Mauritania
2%
Algeria: 956 km
Benin: 266 km
Burkina Faso: 628 km
Ciad: 1175 km
Libia: 354 km
Mali: 821 km
Nigeria: 1497 km
Niger
2%
Botswana: 1840 km
Lesotho: 909 km
Mozambico: 491 km
Namibia: 967 km
Swaziland: 430 km
Zimbabwe: 225 km
Sudafrica
1%
Nessun quiz corrispondente trovato
Distribuzione punteggi
Percentuale di utenti per punteggio
Percentile per numero di risposta
I tuoi punteggi nel tempo
Non hai fatto questo quiz